000 00630nam a2200169 i 4500
001 183912
003 ES-MaACL
005 20230906222012.0
008 141124s1841 sp |||| | spa d
080 _a336.24(410)
110 1 _aGran Bretaña.
_bParliament.
_bHouse of Commons.
_9134418
245 1 0 _aDictamen de la Comisión especial de la Cámara de los Comunes sobre los derechos de entrada :
_bcon el testimonio principal.
260 _a[S.l.] :
_b[s.n.],
_c1841 (
_eMadrid :
_fImp. de E. Aguado)
300 _a167 p. ;
_c19 cm.
650 4 _aAranceles de aduanas-
_zGran Bretaña.
_9155961
852 _aES-MaACL
_jT-1263-F-4
999 _c183912
_d183912